|
|
|
|
| LEADER |
01306nam a2200253 a 4500 |
| 001 |
1458284 |
| 008 |
091116s1984 bg a b f000 0 eng d |
| 010 |
|
|
|a \\\85900574
|
| 040 |
|
|
|a DLC
|c DLC
|d DLC
|
| 082 |
0 |
0 |
|a 338.6/34/095492
|2 19
|
| 100 |
1 |
|
|a Haque, M. Shamsul.
|
| 245 |
1 |
0 |
|a Cottage industries of Bangladesh :
|b potential for development /
|c M. Shamsul Haque, Zahid Hussain.
|
| 260 |
|
|
|a Dhaka, Bangladesh :
|b Institute of Business Administration, University of Dhaka,
|c 1984.
|
| 300 |
|
|
|a vi, 144 p. :
|b ill. ;
|c 22 cm.
|
| 500 |
|
|
|a "A study sponsored by the ILO/UNDP Project for Assistance to Cottage Industries in Bangladesh"--Pref.
|
| 504 |
|
|
|a Includes bibliographical references.
|
| 541 |
1 |
|
|e 00001735
|
| 650 |
|
0 |
|a Cottage industries
|z Bangladesh.
|
| 700 |
1 |
|
|a Hussain, Zahid.
|
| 710 |
2 |
|
|a ILO/UNDP Project for Assistance to Cottage Industries in Bangladesh.
|
| 852 |
4 |
|
|a Ayesha Abed Library
|j General shelf
|
| 999 |
|
|
|c 5549
|d 5549
|
| 952 |
|
|
|0 0
|1 0
|2 ddc
|4 0
|6 338_634095492000000_HAQ_1984
|7 0
|9 5442
|a BRACUL
|b BRACUL
|c GEN
|d 2009-11-16
|g 60.00
|l 1
|o 338.634095492 HAQ
|p 3010001735
|r 2019-01-23
|s 2018-09-26
|t 1
|w 2009-11-16
|y BK
|
| 952 |
|
|
|0 0
|1 0
|2 ddc
|4 0
|6 338_634095492000000_HAQ
|7 0
|9 44347
|a BRACUL
|b BRACUL
|c GEN
|d 2014-12-06
|g 0.00
|l 0
|o 338.634095492 HAQ
|p 3010003191
|r 2014-12-06
|t 2
|w 2014-12-06
|y BK
|z Not price in Register
|